Music Quiz

Random Music or Puzzle Quiz

Madonna Slot Machine Quiz Stats

 Plays Quiz not verified by Sporcle

Challenge
Share
Tweet
Score 0/120 Timer 09:00
0 Plays Today
Word Song % Correct
LikeLike A Virgin
97.1%
ALike A Virgin
97.1%
VirginLike A Virgin
97.1%
PapaPapa Don't Preach
96.6%
Don'tPapa Don't Preach
96.6%
PreachPapa Don't Preach
96.6%
LikeLike A Prayer
95.3%
ALike A Prayer
95.3%
PrayerLike A Prayer
95.3%
JustifyJustify My Love
94.6%
MyJustify My Love
94.6%
LoveJustify My Love
94.6%
LaLa Isla Bonita
94.1%
IslaLa Isla Bonita
94.1%
BonitaLa Isla Bonita
94.1%
CrazyCrazy For You
91%
ForCrazy For You
91%
YouCrazy For You
91%
RayRay of Light
88.4%
OfRay of Light
88.4%
LightRay of Light
88.4%
IntoInto the Groove
87.9%
TheInto the Groove
87.9%
GrooveInto the Groove
87.9%
DieDie Another Day
86.7%
Who's Who's That Girl
86.7%
AnotherDie Another Day
86.7%
ThatWho's That Girl
86.7%
DayDie Another Day
86.7%
GirlWho's That Girl
86.7%
OpenOpen Your Heart
85.3%
YourOpen Your Heart
85.3%
HeartOpen Your Heart
85.3%
DeeperDeeper and Deeper
83.5%
AndDeeper and Deeper
83.5%
DeeperDeeper and Deeper
83.5%
TakeTake A Bow
82.8%
ATake A Bow
82.8%
BowTake A Bow
82.8%
ByeBye Bye Baby
82%
Word Song % Correct
ByeBye Bye Baby
82%
BabyBye Bye Baby
82%
DressDress You Up
80.9%
YouDress You Up
80.9%
UpDress You Up
80.9%
LiveLive To Tell
77.9%
ToLive to Tell
77.9%
TellLive To Tell
77.9%
ShooShoo Bee Doo
76.4%
BeeShoo Bee Doo
76.4%
DooShoo Bee Doo
76.4%
NothingNothing Really Matters
76%
ReallyNothing Really Matters
76%
MattersNothing Really Matters
76%
ActAct of Contrition
74.2%
OfAct of Contrition
74.2%
ContritionAct of Contrition
74.2%
NobodyNobody Knows Me
72%
KnowsNobody Knows Me
72%
MeNobody Knows Me
72%
MotherMother and Father
71.3%
AndMother and Father
71.3%
FatherMother and Father
71.3%
Where'sWhere's the Party
71.1%
TheWhere's the Party
71.1%
PartyWhere's the Party
71.1%
OverOver and Over
69.7%
AndOver and Over
69.7%
OverOver and Over
69.7%
ThiefThief of Hearts
69.1%
OfThief of Hearts
69.1%
HeartsThief of Hearts
69.1%
Don'tDon't Tell Me
68.6%
TellDon't Tell Me
68.6%
MeDon't Tell Me
68.6%
KeepKeep It Together
68.2%
ItKeep It Together
68.2%
TogetherKeep It Together
68.2%
GirlGirl Gone Wild
66.1%
ThinkThink of Me
66.1%
Word Song % Correct
GoneGirl Gone Wild
66.1%
OfThink of Me
66.1%
MeThink of Me
66.1%
WildGirl Gone Wild
66.1%
I'mI'm A Sinner
65.7%
AI'm A Sinner
65.7%
SinnerI'm A Sinner
65.7%
II Deserve It
64.5%
DeserveI Deserve It
64.5%
ItI Deserve It
64.5%
I'mI'm So Stupid
61.4%
SoI'm So Stupid
61.4%
StupidI'm So Stupid
61.4%
InsideInside of Me
59.9%
OfInside of Me
59.9%
MeInside of Me
59.9%
PromisePromise to Try
59.5%
ToPromise to Try
59.5%
TryPromise To Try
59.5%
BeatBeat Goes On
59.1%
GoesBeat Goes On
59.1%
OnBeat Goes On
59.1%
II Know It
57.7%
KnowI Know It
57.7%
ItI Know It
57.7%
CandyCandy Perfume Girl
56.7%
PerfumeCandy Perfume Girl
56.7%
GirlCandy Perfume Girl
56.7%
She'sShe's Not Me
55.5%
NotShe's Not Me
55.5%
MeShe's Not Me
55.5%
WhereWhere Life Begins
54.9%
LifeWhere Life Begins
54.9%
BeginsWhere Life Begins
54.9%
SkySky Fits Heaven
54.2%
FitsSky Fits Heaven
54.2%
HeavenSky Fits Heaven
54.2%
InIn This Life
51.1%
ThisIn This Life
51.1%
LifeIn This Life
51.1%

You're not logged in!

Compare scores with friends on all Sporcle quizzes.
OR
Log In

You Might Also Like...

Show Comments

Extras

Top Quizzes Today


Score Distribution

Your Account Isn't Verified!

In order to create a playlist on Sporcle, you need to verify the email address you used during registration. Go to your Sporcle Settings to finish the process.

Report this User

Report this user for behavior that violates our Community Guidelines.

Details: